| 000 | 00628cam a22002293a 4500 | ||
|---|---|---|---|
| 001 | 27862 | ||
| 003 | PGUSA | ||
| 005 | 20140828083613.0 | ||
| 008 | 090121s2009||||xxu|||||s|||||000 | eng d | ||
| 040 |
_aPGUSA _beng |
||
| 042 | _adc | ||
| 050 | 4 | _aSB | |
| 100 | 1 |
_aCrozier, A. A. _q(Arthur Alger), _d1856-1899 |
|
| 245 | 1 | 4 |
_aThe Cauliflower _h[electronic resource] / _cA. A. Crozier |
| 260 |
_bProject Gutenberg, _c2009 |
||
| 506 | _aPublic domain in the USA. | ||
| 516 | _aElectronic text | ||
| 653 | _aCauliflower | ||
| 830 | 0 |
_aProject Gutenberg _v27862 |
|
| 856 | 4 | 0 | _uhttp://www.gutenberg.org/ebooks/27862 |
| 942 | _cEB | ||
| 999 |
_c257117 _d257117 |
||